| 000 | 00655nam a2200193 i 4500 | ||
|---|---|---|---|
| 001 | 19524 | ||
| 003 | ES-MaACL | ||
| 005 | 20230906152120.0 | ||
| 007 | t| | ||
| 008 | 021003s1962 sp ||||1| spa d | ||
| 100 | 1 |
_aAbaitua, Carlos, _917957 |
|
| 245 | 1 | 0 |
_aExigencias cristianas en el desarrollo económico-social _b: comentarios a la encíclica "Mater et Magistra" / _cCarlos Abaitua, Ricardo Alberdi y José María Setién. |
| 260 |
_aMadrid : _bStvdivm, _c1962. |
||
| 300 |
_a251 p. ; _c19 cm. |
||
| 700 | 1 |
_aAlberdi, Ricardo. _919274 |
|
| 700 | 1 |
_aSetién, José María. _9105897 |
|
| 852 |
_aES-MaACL _jC-20931 _bR.49453 |
||
| 999 |
_c19524 _d19524 |
||